| 000 -LEADER |
| fixed length control field |
00811nam a22001937a 4500 |
| 003 - CONTROL NUMBER IDENTIFIER |
| control field |
OSt |
| 005 - DATE AND TIME OF LATEST TRANSACTION |
| control field |
20210421074429.0 |
| 008 - FIXED-LENGTH DATA ELEMENTS--GENERAL INFORMATION |
| fixed length control field |
210226s1979 ||||| |||| 00| 0 eng d |
| 040 ## - CATALOGING SOURCE |
| Original cataloging agency |
eng |
| Language of cataloging |
eng |
| Transcribing agency |
DLC |
| 041 ## - LANGUAGE CODE |
| Language code of text/sound track or separate title |
geo |
| 080 ## - UNIVERSAL DECIMAL CLASSIFICATION NUMBER |
| Universal Decimal Classification number |
7 |
| Item number |
K-42 |
| 100 ## - MAIN ENTRY--PERSONAL NAME |
| 9 (RLIN) |
1146 |
| Personal name |
ეგაძე, ოთარ / Egadze, Otar / Егадзе, Отар |
| Relator term |
რედაქტორი / Editor / Редактор |
| 245 ## - TITLE STATEMENT |
| Title |
ჯემალ ხუციშვილი / Jemal Khutsishvili / Джемал Хуцишвили |
| Statement of responsibility, etc. |
/ by: ხელოვნება / Khelovneba / Хеловнеба |
| 260 ## - PUBLICATION, DISTRIBUTION, ETC. |
| Place of publication, distribution, etc. |
თბილისი / Tbilisi / Тбилиси |
| Name of publisher, distributor, etc. |
ხელოვნება / Khelovneba / Хеловнеба |
| Date of publication, distribution, etc. |
1979 |
| 300 ## - PHYSICAL DESCRIPTION |
| Extent |
119 p. |
| 650 #0 - SUBJECT ADDED ENTRY--TOPICAL TERM |
| 9 (RLIN) |
447 |
| Topical term or geographic name entry element |
Art |
| 653 ## - INDEX TERM--UNCONTROLLED |
| Uncontrolled term |
ხელოვნება |
| 942 ## - ADDED ENTRY ELEMENTS (KOHA) |
| Source of classification or shelving scheme |
|
| Koha item type |
Books |